| 000 | 00444nam a22001577a 4500 | ||
|---|---|---|---|
| 003 | BD-DhUL | ||
| 005 | 20170426162515.0 | ||
| 008 | 170426b1968 bg ||||| |||| 00| 0 eng d | ||
| 040 | _cBD-DhUL | ||
| 082 |
_a672 _bUNW |
||
| 110 | _aEconomic commission for Europe | ||
| 245 | _aWorld trade in steel and steel demand in developing countries / | ||
| 260 |
_aNew York : _bUnited Nations, _c1968 |
||
| 300 |
_a201 p. : _c28 cm. |
||
| 942 |
_2ddc _cREF |
||
| 999 |
_c193673 _d193673 |
||